000 00796nam a22001817a 4500
005 20120409110430.0
020 _c250.00
_a8171787010
035 _aA-972005
037 _b
_adpl
082 _a343.54
100 _aकाश्यप, सुभाष
_944854
245 1 _aभारतीय राजनीति और संविधान /
_cसुभाष काश्यप
260 _aनई दिल्ली
_bराजकमल प्रकाशन
_c1999
270 _a
_b
_e
_k
300 _a223पृ.
_c22सेमी (सजिल्द)
942 _adpl
_cHN
_k
_2ddc
_h343.54
_mकाश्यप
999 _c64769
_d64769